000 00545nam a2200205Ia 4500
003 BUBTL
008 151213s9999 xx 000 0 und d
020 _a1-85573-573-3
082 _a677WIH
100 _a Wilson,Jacquie
_91079
245 _aHand Book Of Textile Design
260 _aEngland
_bWoodhead Publication Ltd.
_cc2001
300 _a[vii],152p.
_bills.
_c24cm
650 _aTextiles
650 _aTextiles
700 _a Wilson,Jacquie
_91080
856 _k0
_l0
_yDownload
942 _2ddc
_cBK
999 _c3934
_d3934